Recopilación de doctrina legal : 1981 / Consejo de Estado 1981 / Consejo de Estado
ISBN:
84-340-0165-9
Descripción Física:
591 p. ; 24 cm
MARC
| LEADER | 00000nam a2200000Ia 4500 | ||
|---|---|---|---|
| 001 | 17354 | ||
| 008 | 160829s1983 xx 000 0 cat d | ||
| 020 | |a 84-340-0165-9 | ||
| 080 | |a D-3-79 | ||
| 100 | |a Espanya. Consejo de Estado |9 23235 | ||
| 245 | |a Recopilación de doctrina legal : |b 1981 / Consejo de Estado | ||
| 260 | |a Madrid: |b Boletín Oficial del Estado, |c 1983 | ||
| 300 | |a 591 p. ; |c 24 cm | ||
| 490 | |a Publicaciones del Consejo de Estado. Documentos | ||
| 590 | |a Índex | ||
| 650 | |a Dret públic |x Espanya |9 24594 | ||
| 650 | |a Dret públic |x Casos |9 23237 | ||
| 650 | 0 | |a Dret administratiu |z Espanya |9 23238 | |
| 650 | 0 | |a Dret administratiu |v Casos |9 8869 | |
| 901 | |a Arxiu | ||
| 942 | |n 1 | ||
| 952 | |0 1 |1 0 |2 udc |4 0 |5 2 |6 D379 |7 1 |9 42629 |a Arxiu |b Arxiu |d 2016-12-01 |l 0 |o D-3-79 |p 17354 |r 2016-12-01 00:00:00 |w 2016-12-01 |y ARXIU | ||
| 999 | |c 45135 |d 45135 | ||